Posibilidades de la pintura

Αποθηκεύτηκε σε:
Λεπτομέρειες βιβλιογραφικής εγγραφής
Κύριος συγγραφέας: Gris, Juan (Συγγραφέας)
Μορφή: Βιβλίο
Γλώσσα:Ισπανικά
Έκδοση: Madrid Casimiro Libros 2013
Θέματα:
Ετικέτες: Προσθήκη ετικέτας
Δεν υπάρχουν, Καταχωρήστε ετικέτα πρώτοι!

MARC

LEADER 00000cam a2200000 a 4500
001 UCF7509
003 CL-VaPUC
008 130627e20130000SP |||||||||||||||||spa|d
020 |a 9788415715139 
082 0 4 |a 709.04032  |b GRI  |2 21 
100 0 |a Gris, Juan  |e author  |9 265045 
245 1 0 |a Posibilidades de la pintura 
300 |a 53 p 
942 |c BK 
945 |d 20130627 00:00:00  |a dcastane 
260 |a Madrid  |b Casimiro Libros  |c 2013 
650 0 |a Cubismo  |9 265275 
583 |a last modification  |c 20130627 13:18:00  |k Rodrigo Vera 
999 |c 352332  |d 352330 
952 |0 0  |1 0  |4 0  |6 709_040320000000000_GRI_2013  |7 0  |8 A  |9 456817  |a BIBART  |b BIBART  |d 2019-11-22  |i 4981847  |o 709.04032 GRI 2013  |p 4981847  |r 2025-03-13  |w 2019-11-22  |y BK  |k ART